000 00256nam a22001217a 4500
041 _aENG
100 _aJeet.I
245 _aGroundwater Resources Of India
260 _aDelhi
_bMittal Pub
_c2001
300 _a191
650 _aIDE
856 _uIDE ( 05 )
999 _c1525
_d1525